Ecology and management of larix forests: a look ahead

Tallennettuna:
Bibliografiset tiedot
Päätekijät: Schmidt, Wyman C (Tekijä), McDonald, Kathy J (Tekijä)
Aineistotyyppi: Kirja
Kieli:englanti
Julkaistu: Ogden Intermountain Research Station 1995
Aiheet:
Tagit: Lisää tagi
Ei tageja, Lisää ensimmäinen tagi!

MARC

LEADER 00000nam a2200000 a 4500
001 UCU4447
003 CL-VaPUC
005 20241108091719.0
008 960524e19950000us 1 eng d
082 0 4 |a 581.5  |b SCH  |2 21 
100 1 |a Schmidt, Wyman C  |e author  |9 617751 
700 1 |a McDonald, Kathy J  |e author  |9 617752 
245 1 0 |a Ecology and management of larix forests: a look ahead 
260 |a Ogden  |b Intermountain Research Station  |c 1995 
300 |a 521 p 
583 |a last modification  |c 19960524 00:00:00  |k Rodrigo Vera 
650 0 0 |a Ecología   |9 258124 
650 0 0 |a Árboles  |9 264746 
650 0 0 |a Bosques  |9 269804 
650 0 0 |a Botánica  |9 264202 
650 0 0 |a Vegetación  |9 264748 
650 0 0 |a Congresos  |9 257560 
650 0 7 |a DOMESTICACION  |2 CL-VaPUC  |9 393827 
650 0 0 |a Fertilización   |9 259681 
650 0 0 |a Fotosíntesis  |9 261610 
650 0 0 |a Ecosistemas  |9 261477 
650 0 0 |a Germinación  |9 316434 
942 |c BK 
945 |a rbrito  |d 19960524 00:00:00 
546 |a En Inglés 
518 |p Proceedings of an international symposium, Whitefish, Montana, 1992 
999 |c 382617  |d 382615 
952 |0 0  |1 0  |4 0  |6 581_500000000000000_SCH_1995  |7 0  |8 A  |9 504408  |a BIBING  |b BIBING  |d 2020-01-23  |i 3202550  |o 581.5 SCH 1995  |p 3202550  |r 2025-01-20  |w 2020-01-23  |y BK  |k GEO